Wiskunde - Vermenigvuldiging - Statistieken

Algemene statistieken
  • Deze quiz is 94 keer genomen
  • De gemiddelde score is 15 van 20
Antwoordstatistieken
Opgave Uitkomst % Correct
50 x 2 100
100%
10 x 10 100
100%
52 x 2 104
100%
26 x 4 104
100%
13 x 8 104
100%
21 x 5 105
100%
53 x 2 106
100%
36 x 3 108
100%
12 x 9 108
100%
55 x 2 110
100%
22 x 5 110
100%
37 x 3 111
100%
28 x 4 112
100%
14 x 8 112
100%
38 x 3 114
100%
23 x 5 115
100%
58 x 2 116
100%
13 x 9 117
100%
17 x 7 119
100%
60 x 2 120
100%
40 x 3 120
100%
61 x 2 122
100%
41 x 3 123
100%
31 x 4 124
100%
42 x 3 126
100%
21 x 6 126
100%
18 x 7 126
100%
64 x 2 128
100%
32 x 4 128
100%
16 x 8 128
100%
65 x 2 130
100%
13 x 10 130
100%
44 x 3 132
100%
22 x 6 132
100%
12 x 11 132
100%
67 x 2 134
100%
15 x 9 135
100%
46 x 3 138
100%
23 x 6 138
100%
7 x 2 14
100%
70 x 2 140
100%
35 x 4 140
100%
14 x 10 140
100%
71 x 2 142
100%
48 x 3 144
100%
36 x 4 144
100%
18 x 8 144
100%
16 x 9 144
100%
12 x 12 144
100%
29 x 5 145
100%
49 x 3 147
100%
21 x 7 147
100%
74 x 2 148
100%
5 x 3 15
100%
30 x 5 150
100%
25 x 6 150
100%
15 x 10 150
100%
38 x 4 152
100%
17 x 9 153
100%
77 x 2 154
100%
22 x 7 154
100%
14 x 11 154
100%
31 x 5 155
100%
78 x 2 156
100%
8 x 2 16
100%
4 x 4 16
100%
80 x 2 160
100%
20 x 8 160
100%
23 x 7 161
100%
27 x 6 162
100%
55 x 3 165
100%
33 x 5 165
100%
83 x 2 166
100%
56 x 3 168
100%
14 x 12 168
100%
13 x 13 169
100%
85 x 2 170
100%
34 x 5 170
100%
17 x 10 170
100%
19 x 9 171
100%
86 x 2 172
100%
87 x 2 174
100%
35 x 5 175
100%
25 x 7 175
100%
44 x 4 176
100%
22 x 8 176
100%
89 x 2 178
100%
6 x 3 18
100%
45 x 4 180
100%
15 x 12 180
100%
91 x 2 182
100%
14 x 13 182
100%
61 x 3 183
100%
92 x 2 184
100%
46 x 4 184
100%
23 x 8 184
100%
93 x 2 186
100%
62 x 3 186
100%
31 x 6 186
100%
63 x 3 189
100%
27 x 7 189
100%
21 x 9 189
100%
95 x 2 190
100%
19 x 10 190
100%
96 x 2 192
100%
39 x 5 195
100%
98 x 2 196
100%
28 x 7 196
100%
18 x 11 198
100%
5 x 4 20
100%
50 x 4 200
100%
40 x 5 200
100%
20 x 10 200
100%
67 x 3 201
100%
29 x 7 203
100%
51 x 4 204
100%
34 x 6 204
100%
17 x 12 204
100%
41 x 5 205
100%
69 x 3 207
100%
23 x 9 207
100%
52 x 4 208
100%
26 x 8 208
100%
70 x 3 210
100%
30 x 7 210
100%
21 x 10 210
100%
71 x 3 213
100%
43 x 5 215
100%
72 x 3 216
100%
54 x 4 216
100%
27 x 8 216
100%
24 x 9 216
100%
31 x 7 217
100%
73 x 3 219
100%
55 x 4 220
100%
44 x 5 220
100%
74 x 3 222
100%
75 x 3 225
100%
76 x 3 228
100%
46 x 5 230
100%
23 x 10 230
100%
58 x 4 232
100%
47 x 5 235
100%
79 x 3 237
100%
34 x 7 238
100%
80 x 3 240
100%
30 x 8 240
100%
24 x 10 240
100%
22 x 11 242
100%
81 x 3 243
100%
27 x 9 243
100%
61 x 4 244
100%
31 x 8 248
100%
83 x 3 249
100%
50 x 5 250
100%
85 x 3 255
100%
51 x 5 255
100%
16 x 16 256
100%
43 x 6 258
100%
37 x 7 259
100%
13 x 2 26
100%
52 x 5 260
100%
26 x 10 260
100%
29 x 9 261
100%
53 x 5 265
100%
89 x 3 267
100%
67 x 4 268
100%
9 x 3 27
100%
90 x 3 270
100%
30 x 9 270
100%
34 x 8 272
100%
17 x 16 272
100%
21 x 13 273
100%
25 x 11 275
100%
92 x 3 276
100%
31 x 9 279
100%
14 x 2 28
100%
7 x 4 28
100%
70 x 4 280
100%
40 x 7 280
100%
28 x 10 280
100%
47 x 6 282
100%
71 x 4 284
100%
95 x 3 285
100%
26 x 11 286
100%
22 x 13 286
100%
41 x 7 287
100%
96 x 3 288
100%
72 x 4 288
100%
18 x 16 288
100%
73 x 4 292
100%
59 x 5 295
100%
74 x 4 296
100%
33 x 9 297
100%
27 x 11 297
100%
10 x 3 30
100%
50 x 6 300
100%
30 x 10 300
100%
25 x 12 300
100%
20 x 15 300
100%
43 x 7 301
100%
76 x 4 304
100%
19 x 16 304
100%
61 x 5 305
100%
51 x 6 306
100%
77 x 4 308
100%
28 x 11 308
100%
31 x 10 310
100%
78 x 4 312
100%
52 x 6 312
100%
79 x 4 316
100%
29 x 11 319
100%
16 x 2 32
100%
80 x 4 320
100%
32 x 10 320
100%
20 x 16 320
100%
23 x 14 322
100%
54 x 6 324
100%
65 x 5 325
100%
25 x 13 325
100%
66 x 5 330
100%
55 x 6 330
100%
37 x 9 333
100%
84 x 4 336
100%
28 x 12 336
100%
68 x 5 340
100%
34 x 10 340
100%
19 x 18 342
100%
49 x 7 343
100%
86 x 4 344
100%
23 x 15 345
100%
87 x 4 348
100%
7 x 5 35
100%
70 x 5 350
100%
50 x 7 350
100%
39 x 9 351
100%
44 x 8 352
100%
32 x 11 352
100%
22 x 16 352
100%
51 x 7 357
100%
9 x 4 36
100%
90 x 4 360
100%
72 x 5 360
100%
60 x 6 360
100%
40 x 9 360
100%
36 x 10 360
100%
24 x 15 360
100%
91 x 4 364
100%
26 x 14 364
100%
73 x 5 365
100%
61 x 6 366
100%
92 x 4 368
100%
46 x 8 368
100%
74 x 5 370
100%
53 x 7 371
100%
75 x 5 375
100%
25 x 15 375
100%
94 x 4 376
100%
63 x 6 378
100%
95 x 4 380
100%
96 x 4 384
100%
32 x 12 384
100%
35 x 11 385
100%
97 x 4 388
100%
78 x 5 390
100%
30 x 13 390
100%
26 x 15 390
100%
99 x 4 396
100%
36 x 11 396
100%
33 x 12 396
100%
10 x 4 40
100%
8 x 5 40
100%
80 x 5 400
100%
50 x 8 400
100%
40 x 10 400
100%
25 x 16 400
100%
20 x 20 400
100%
81 x 5 405
100%
45 x 9 405
100%
58 x 7 406
100%
68 x 6 408
100%
51 x 8 408
100%
82 x 5 410
100%
41 x 10 410
100%
83 x 5 415
100%
38 x 11 418
100%
22 x 19 418
100%
14 x 3 42
100%
70 x 6 420
100%
60 x 7 420
100%
28 x 15 420
100%
21 x 20 420
100%
25 x 17 425
100%
61 x 7 427
100%
33 x 13 429
100%
43 x 10 430
100%
73 x 6 438
100%
22 x 2 44
100%
55 x 8 440
100%
44 x 10 440
100%
22 x 20 440
100%
63 x 7 441
100%
49 x 9 441
100%
21 x 21 441
100%
37 x 12 444
100%
56 x 8 448
100%
32 x 14 448
100%
90 x 5 450
100%
25 x 18 450
100%
91 x 5 455
100%
65 x 7 455
100%
57 x 8 456
100%
24 x 19 456
100%
23 x 2 46
100%
23 x 20 460
100%
77 x 6 462
100%
22 x 21 462
100%
93 x 5 465
100%
78 x 6 468
100%
52 x 9 468
100%
47 x 10 470
100%
43 x 11 473
100%
79 x 6 474
100%
34 x 14 476
100%
28 x 17 476
100%
16 x 3 48
100%
8 x 6 48
100%
48 x 10 480
100%
30 x 16 480
100%
24 x 20 480
100%
69 x 7 483
100%
23 x 21 483
100%
97 x 5 485
100%
61 x 8 488
100%
70 x 7 490
100%
62 x 8 496
100%
50 x 10 500
100%
25 x 20 500
100%
72 x 7 504
100%
63 x 8 504
100%
56 x 9 504
100%
42 x 12 504
100%
30 x 17 510
100%
47 x 11 517
100%
74 x 7 518
100%
13 x 4 52
100%
40 x 13 520
100%
66 x 8 528
100%
44 x 12 528
100%
24 x 22 528
100%
53 x 10 530
100%
59 x 9 531
100%
76 x 7 532
100%
28 x 19 532
100%
27 x 2 54
100%
18 x 3 54
100%
54 x 10 540
100%
30 x 18 540
100%
27 x 20 540
100%
68 x 8 544
100%
78 x 7 546
100%
11 x 5 55
100%
50 x 11 550
100%
29 x 19 551
100%
92 x 6 552
100%
69 x 8 552
100%
14 x 4 56
100%
56 x 10 560
100%
40 x 14 560
100%
28 x 20 560
100%
94 x 6 564
100%
81 x 7 567
100%
57 x 10 570
100%
44 x 13 572
100%
25 x 23 575
100%
96 x 6 576
100%
83 x 7 581
100%
39 x 15 585
100%
98 x 6 588
100%
59 x 10 590
100%
27 x 22 594
100%
3 x 2 6
100%
30 x 2 60
100%
12 x 5 60
100%
10 x 6 60
100%
60 x 10 600
100%
21 x 3 63
100%
9 x 7 63
100%
16 x 4 64
100%
8 x 8 64
100%
11 x 6 66
100%
34 x 2 68
100%
17 x 4 68
100%
23 x 3 69
100%
35 x 2 70
100%
14 x 5 70
100%
10 x 7 70
100%
24 x 3 72
100%
12 x 6 72
100%
9 x 8 72
100%
38 x 2 76
100%
19 x 4 76
100%
39 x 2 78
100%
13 x 6 78
100%
4 x 2 8
100%
40 x 2 80
100%
20 x 4 80
100%
10 x 8 80
100%
9 x 9 81
100%
42 x 2 84
100%
14 x 6 84
100%
17 x 5 85
100%
43 x 2 86
100%
29 x 3 87
100%
22 x 4 88
100%
11 x 8 88
100%
3 x 3 9
100%
45 x 2 90
100%
30 x 3 90
100%
15 x 6 90
100%
10 x 9 90
100%
46 x 2 92
100%
19 x 5 95
100%
24 x 4 96
100%
16 x 6 96
100%
33 x 3 99
100%
11 x 9 99
100%
15 x 7 105
75%
16 x 14 224
75%
34 x 9 306
75%
35 x 12 420
75%
85 x 5 425
75%
30 x 15 450
75%
81 x 2 162
67%
94 x 2 188
67%
45 x 6 270
67%
22 x 18 396
67%
29 x 14 406
67%
95 x 5 475
67%
12 x 4 48
67%
81 x 6 486
67%
51 x 10 510
67%
41 x 13 533
67%
15 x 5 75
67%
18 x 6 108
50%
39 x 3 117
50%
24 x 5 120
50%
45 x 3 135
50%
27 x 5 135
50%
68 x 2 136
50%
39 x 4 156
50%
13 x 12 156
50%
18 x 9 162
50%
82 x 2 164
50%
15 x 11 165
50%
28 x 6 168
50%
32 x 6 192
50%
16 x 12 192
50%
65 x 3 195
50%
25 x 8 200
50%
42 x 5 210
50%
53 x 4 212
50%
38 x 6 228
50%
77 x 3 231
50%
78 x 3 234
50%
63 x 4 252
50%
42 x 6 252
50%
36 x 7 252
50%
21 x 12 252
50%
44 x 6 264
50%
19 x 14 266
50%
68 x 4 272
50%
69 x 4 276
50%
97 x 3 291
50%
60 x 5 300
50%
38 x 8 304
50%
39 x 8 312
50%
26 x 12 312
50%
35 x 9 315
50%
21 x 15 315
50%
25 x 14 350
50%
71 x 5 355
50%
18 x 2 36
50%
19 x 19 361
50%
98 x 4 392
50%
21 x 19 399
50%
59 x 7 413
50%
30 x 14 420
50%
47 x 9 423
50%
39 x 11 429
50%
50 x 9 450
50%
51 x 9 459
50%
92 x 5 460
50%
66 x 7 462
50%
53 x 9 477
50%
41 x 12 492
50%
26 x 19 494
50%
24 x 21 504
50%
23 x 22 506
50%
39 x 13 507
50%
57 x 9 513
50%
86 x 6 516
50%
37 x 14 518
50%
58 x 9 522
50%
67 x 8 536
50%
77 x 7 539
50%
91 x 6 546
50%
93 x 6 558
50%
28 x 2 56
50%
51 x 11 561
50%
29 x 20 580
50%
65 x 9 585
50%
84 x 7 588
50%
66 x 9 594
50%
25 x 24 600
50%
18 x 5 90
50%
49 x 2 98
50%
24 x 12 288
40%
19 x 8 152
33%
35 x 7 245
33%
42 x 9 378
33%
43 x 12 516
33%
24 x 23 552
33%
27 x 21 567
33%
33 x 18 594
33%
15 x 14 210
20%
5 x 2 10
0%
25 x 4 100
0%
20 x 5 100
0%
51 x 2 102
0%
34 x 3 102
0%
17 x 6 102
0%
35 x 3 105
0%
54 x 2 108
0%
27 x 4 108
0%
11 x 10 110
0%
56 x 2 112
0%
16 x 7 112
0%
57 x 2 114
0%
19 x 6 114
0%
29 x 4 116
0%
59 x 2 118
0%
6 x 2 12
0%
4 x 3 12
0%
30 x 4 120
0%
20 x 6 120
0%
15 x 8 120
0%
12 x 10 120
0%
11 x 11 121
0%
62 x 2 124
0%
25 x 5 125
0%
63 x 2 126
0%
14 x 9 126
0%
43 x 3 129
0%
26 x 5 130
0%
66 x 2 132
0%
33 x 4 132
0%
19 x 7 133
0%
34 x 4 136
0%
17 x 8 136
0%
69 x 2 138
0%
28 x 5 140
0%
20 x 7 140
0%
47 x 3 141
0%
13 x 11 143
0%
72 x 2 144
0%
24 x 6 144
0%
73 x 2 146
0%
37 x 4 148
0%
75 x 2 150
0%
50 x 3 150
0%
76 x 2 152
0%
51 x 3 153
0%
52 x 3 156
0%
26 x 6 156
0%
79 x 2 158
0%
53 x 3 159
0%
40 x 4 160
0%
32 x 5 160
0%
16 x 10 160
0%
54 x 3 162
0%
41 x 4 164
0%
84 x 2 168
0%
42 x 4 168
0%
24 x 7 168
0%
21 x 8 168
0%
57 x 3 171
0%
43 x 4 172
0%
58 x 3 174
0%
29 x 6 174
0%
88 x 2 176
0%
16 x 11 176
0%
59 x 3 177
0%
9 x 2 18
0%
90 x 2 180
0%
60 x 3 180
0%
36 x 5 180
0%
30 x 6 180
0%
20 x 9 180
0%
18 x 10 180
0%
26 x 7 182
0%
37 x 5 185
0%
17 x 11 187
0%
47 x 4 188
0%
38 x 5 190
0%
64 x 3 192
0%
48 x 4 192
0%
24 x 8 192
0%
97 x 2 194
0%
15 x 13 195
0%
49 x 4 196
0%
14 x 14 196
0%
99 x 2 198
0%
66 x 3 198
0%
33 x 6 198
0%
22 x 9 198
0%
10 x 2 20
0%
68 x 3 204
0%
16 x 13 208
0%
19 x 11 209
0%
7 x 3 21
0%
35 x 6 210
0%
36 x 6 216
0%
18 x 12 216
0%
11 x 2 22
0%
22 x 10 220
0%
20 x 11 220
0%
17 x 13 221
0%
37 x 6 222
0%
56 x 4 224
0%
32 x 7 224
0%
28 x 8 224
0%
45 x 5 225
0%
25 x 9 225
0%
15 x 15 225
0%
57 x 4 228
0%
19 x 12 228
0%
33 x 7 231
0%
21 x 11 231
0%
29 x 8 232
0%
39 x 6 234
0%
26 x 9 234
0%
18 x 13 234
0%
59 x 4 236
0%
17 x 14 238
0%
12 x 2 24
0%
8 x 3 24
0%
6 x 4 24
0%
60 x 4 240
0%
48 x 5 240
0%
40 x 6 240
0%
20 x 12 240
0%
16 x 15 240
0%
49 x 5 245
0%
82 x 3 246
0%
41 x 6 246
0%
19 x 13 247
0%
62 x 4 248
0%
5 x 5 25
0%
25 x 10 250
0%
84 x 3 252
0%
28 x 9 252
0%
18 x 14 252
0%
23 x 11 253
0%
17 x 15 255
0%
64 x 4 256
0%
32 x 8 256
0%
86 x 3 258
0%
65 x 4 260
0%
20 x 13 260
0%
87 x 3 261
0%
88 x 3 264
0%
66 x 4 264
0%
33 x 8 264
0%
24 x 11 264
0%
22 x 12 264
0%
38 x 7 266
0%
54 x 5 270
0%
27 x 10 270
0%
18 x 15 270
0%
91 x 3 273
0%
39 x 7 273
0%
55 x 5 275
0%
46 x 6 276
0%
23 x 12 276
0%
93 x 3 279
0%
56 x 5 280
0%
35 x 8 280
0%
20 x 14 280
0%
94 x 3 282
0%
57 x 5 285
0%
19 x 15 285
0%
48 x 6 288
0%
36 x 8 288
0%
32 x 9 288
0%
17 x 17 289
0%
58 x 5 290
0%
29 x 10 290
0%
98 x 3 294
0%
49 x 6 294
0%
42 x 7 294
0%
21 x 14 294
0%
37 x 8 296
0%
99 x 3 297
0%
23 x 13 299
0%
15 x 2 30
0%
6 x 5 30
0%
75 x 4 300
0%
18 x 17 306
0%
44 x 7 308
0%
22 x 14 308
0%
62 x 5 310
0%
24 x 13 312
0%
63 x 5 315
0%
45 x 7 315
0%
53 x 6 318
0%
8 x 4 32
0%
64 x 5 320
0%
40 x 8 320
0%
46 x 7 322
0%
19 x 17 323
0%
81 x 4 324
0%
36 x 9 324
0%
27 x 12 324
0%
18 x 18 324
0%
82 x 4 328
0%
41 x 8 328
0%
47 x 7 329
0%
11 x 3 33
0%
33 x 10 330
0%
30 x 11 330
0%
22 x 15 330
0%
83 x 4 332
0%
67 x 5 335
0%
56 x 6 336
0%
48 x 7 336
0%
42 x 8 336
0%
24 x 14 336
0%
21 x 16 336
0%
26 x 13 338
0%
17 x 2 34
0%
85 x 4 340
0%
20 x 17 340
0%
31 x 11 341
0%
57 x 6 342
0%
38 x 9 342
0%
43 x 8 344
0%
69 x 5 345
0%
58 x 6 348
0%
29 x 12 348
0%
35 x 10 350
0%
27 x 13 351
0%
88 x 4 352
0%
59 x 6 354
0%
89 x 4 356
0%
21 x 17 357
0%
12 x 3 36
0%
6 x 6 36
0%
45 x 8 360
0%
30 x 12 360
0%
20 x 18 360
0%
33 x 11 363
0%
52 x 7 364
0%
28 x 13 364
0%
23 x 16 368
0%
41 x 9 369
0%
37 x 10 370
0%
93 x 4 372
0%
62 x 6 372
0%
31 x 12 372
0%
34 x 11 374
0%
22 x 17 374
0%
47 x 8 376
0%
29 x 13 377
0%
54 x 7 378
0%
27 x 14 378
0%
21 x 18 378
0%
19 x 2 38
0%
76 x 5 380
0%
38 x 10 380
0%
20 x 19 380
0%
64 x 6 384
0%
48 x 8 384
0%
24 x 16 384
0%
77 x 5 385
0%
55 x 7 385
0%
43 x 9 387
0%
13 x 3 39
0%
65 x 6 390
0%
39 x 10 390
0%
23 x 17 391
0%
56 x 7 392
0%
49 x 8 392
0%
28 x 14 392
0%
79 x 5 395
0%
66 x 6 396
0%
44 x 9 396
0%
57 x 7 399
0%
2 x 2 4
0%
20 x 2 40
0%
67 x 6 402
0%
31 x 13 403
0%
27 x 15 405
0%
37 x 11 407
0%
34 x 12 408
0%
24 x 17 408
0%
69 x 6 414
0%
46 x 9 414
0%
23 x 18 414
0%
52 x 8 416
0%
32 x 13 416
0%
26 x 16 416
0%
21 x 2 42
0%
7 x 6 42
0%
84 x 5 420
0%
42 x 10 420
0%
53 x 8 424
0%
71 x 6 426
0%
86 x 5 430
0%
72 x 6 432
0%
54 x 8 432
0%
48 x 9 432
0%
36 x 12 432
0%
27 x 16 432
0%
24 x 18 432
0%
62 x 7 434
0%
31 x 14 434
0%
87 x 5 435
0%
29 x 15 435
0%
23 x 19 437
0%
11 x 4 44
0%
88 x 5 440
0%
40 x 11 440
0%
34 x 13 442
0%
26 x 17 442
0%
74 x 6 444
0%
89 x 5 445
0%
64 x 7 448
0%
28 x 16 448
0%
15 x 3 45
0%
9 x 5 45
0%
75 x 6 450
0%
45 x 10 450
0%
41 x 11 451
0%
35 x 13 455
0%
76 x 6 456
0%
38 x 12 456
0%
27 x 17 459
0%
46 x 10 460
0%
42 x 11 462
0%
33 x 14 462
0%
58 x 8 464
0%
29 x 16 464
0%
31 x 15 465
0%
39 x 12 468
0%
36 x 13 468
0%
26 x 18 468
0%
67 x 7 469
0%
94 x 5 470
0%
59 x 8 472
0%
25 x 19 475
0%
68 x 7 476
0%
24 x 2 48
0%
96 x 5 480
0%
80 x 6 480
0%
60 x 8 480
0%
40 x 12 480
0%
32 x 15 480
0%
37 x 13 481
0%
44 x 11 484
0%
22 x 22 484
0%
54 x 9 486
0%
27 x 18 486
0%
7 x 7 49
0%
98 x 5 490
0%
49 x 10 490
0%
35 x 14 490
0%
82 x 6 492
0%
29 x 17 493
0%
38 x 13 494
0%
99 x 5 495
0%
55 x 9 495
0%
45 x 11 495
0%
33 x 15 495
0%
31 x 16 496
0%
71 x 7 497
0%
83 x 6 498
0%
25 x 2 50
0%
10 x 5 50
0%
84 x 6 504
0%
36 x 14 504
0%
28 x 18 504
0%
46 x 11 506
0%
17 x 3 51
0%
85 x 6 510
0%
34 x 15 510
0%
73 x 7 511
0%
64 x 8 512
0%
32 x 16 512
0%
27 x 19 513
0%
26 x 2 52
0%
65 x 8 520
0%
52 x 10 520
0%
26 x 20 520
0%
87 x 6 522
0%
29 x 18 522
0%
75 x 7 525
0%
35 x 15 525
0%
25 x 21 525
0%
31 x 17 527
0%
88 x 6 528
0%
48 x 11 528
0%
33 x 16 528
0%
23 x 23 529
0%
38 x 14 532
0%
89 x 6 534
0%
49 x 11 539
0%
9 x 6 54
0%
90 x 6 540
0%
60 x 9 540
0%
45 x 12 540
0%
36 x 15 540
0%
34 x 16 544
0%
32 x 17 544
0%
42 x 13 546
0%
39 x 14 546
0%
26 x 21 546
0%
61 x 9 549
0%
55 x 10 550
0%
25 x 22 550
0%
46 x 12 552
0%
79 x 7 553
0%
37 x 15 555
0%
62 x 9 558
0%
31 x 18 558
0%
43 x 13 559
0%
8 x 7 56
0%
80 x 7 560
0%
70 x 8 560
0%
35 x 16 560
0%
33 x 17 561
0%
47 x 12 564
0%
63 x 9 567
0%
71 x 8 568
0%
19 x 3 57
0%
95 x 6 570
0%
38 x 15 570
0%
30 x 19 570
0%
52 x 11 572
0%
26 x 22 572
0%
82 x 7 574
0%
41 x 14 574
0%
72 x 8 576
0%
64 x 9 576
0%
48 x 12 576
0%
36 x 16 576
0%
32 x 18 576
0%
24 x 24 576
0%
34 x 17 578
0%
29 x 2 58
0%
58 x 10 580
0%
97 x 6 582
0%
53 x 11 583
0%
73 x 8 584
0%
45 x 13 585
0%
49 x 12 588
0%
42 x 14 588
0%
28 x 21 588
0%
31 x 19 589
0%
74 x 8 592
0%
37 x 16 592
0%
99 x 6 594
0%
54 x 11 594
0%
85 x 7 595
0%
35 x 17 595
0%
46 x 13 598
0%
26 x 23 598
0%
20 x 3 60
0%
15 x 4 60
0%
75 x 8 600
0%
50 x 12 600
0%
40 x 15 600
0%
30 x 20 600
0%
31 x 2 62
0%
32 x 2 64
0%
13 x 5 65
0%
33 x 2 66
0%
22 x 3 66
0%
36 x 2 72
0%
18 x 4 72
0%
37 x 2 74
0%
25 x 3 75
0%
11 x 7 77
0%
26 x 3 78
0%
16 x 5 80
0%
27 x 3 81
0%
41 x 2 82
0%
28 x 3 84
0%
21 x 4 84
0%
12 x 7 84
0%
44 x 2 88
0%
13 x 7 91
0%
23 x 4 92
0%
31 x 3 93
0%
47 x 2 94
0%
48 x 2 96
0%
32 x 3 96
0%
12 x 8 96
0%
14 x 7 98
0%
Geen overeenkomende quizzen gevonden
Scoreverdeling
Procent van Mensen met Elke Score
Percentiel versus Aantal Correcte Antwoorden
Uw Scoregeschiedenis
U heeft deze quiz nog niet genomen